|
|
|
|
| LEADER |
00000nab a2200000 a 4500 |
| 001 |
vtls011126606 |
| 003 |
SK-MaSNL |
| 005 |
20260304030201.0 |
| 008 |
250310|2012 xo |||||||||||||||||slo| |
| 015 |
|
|
|a SNBRB
|
| 035 |
|
|
|a (uuid)eee61752-c3f5-49f5-b8c9-aa279087bc9f
|
| 035 |
|
|
|a (urnnbn)urn:nbn:sk:snk:ar-a09f3d
|
| 035 |
|
|
|a urn:nbn:sk:snk-aba3vi
|
| 040 |
|
|
|a SNKBUCL
|b slo
|c SNKBUCL
|e AACR2
|
| 041 |
0 |
|
|a slo
|
| 044 |
|
|
|a xo
|c SK
|
| 100 |
1 |
|
|a Hlušková, Tatiana,
|d 1987-
|4 aut
|9 216494
|
| 245 |
1 |
0 |
|a Vplyv súčasnej ekonomickej krízy na toky priamych zahraničných investícií :
|b (na príklade firiem ropného priemyslu)
|c Tatiana Hlušková, Daniel Krajčík
|
| 700 |
1 |
|
|a Krajčík, Daniel,
|d 1981-
|4 aut
|9 216499
|
| 773 |
0 |
|
|t Finančný manažér : štvrťročník Slovenskej asociácie podnikových finančníkov
|g Roč. 12, č. 3 (2012), s. 38-41
|
| 958 |
|
|
|a OND
|
| 958 |
|
|
|a EUIPO
|
| 958 |
|
|
|a article13
|
| 999 |
|
|
|c 2632294
|d 2634224
|